000 01530nam0a22003971 4500
001 RU\NLR\bibl\1379207
005 20260408235803.0
010 _a978-5-88503-777-8
_95000
021 _aRU
_b2009-27305
_91632
035 _a(nilc)RSL-KNO-004290774
035 _a(NLR Aleph) 001371302
090 _a1043452
_c1043452
100 _a20090410d2008 |||y0rusy50 ca
101 1 _arus
_aara
_cava
102 _aRU
105 _ay |||||||||
200 1 _aПобуждение внять призыву Корана
_eтолкование суры Ал-Фāтиха ("Открывающая")
_e[перевод с аварского]
_fСаид-афанди ал-Чиркави
210 _aМосква
_aСанкт-Петербург
_cДИЛЯ
_d2008
215 _a92, [1] с.
_d24
300 _aТекст на рус. и араб. яз.
500 _aКоран
_iСура Аль-Фатиха
_3RU\NLR\auth\5510301
_92632301
605 _aКоран
_xТолкование
_92186408
_3RU\NLR\auth\661314534
686 _aЭ38-210.2,0
_2rubbk
686 _aЭ38-210.2
700 0 _4570
_7ca
_8rus
_aСаид-афанди Чиркейский
_cшейх
_f1937-2012
_9125681
_3RU\NLR\AUTH\7716037
801 0 _aRU
_bРКП
_c20090410
_grcr
801 1 _aRU
_bРГБ
_c20090410
801 2 _aRU
_bNLR
_c20090609
_grcr
852 _aNLR
_bОЛСАА-сл-спр
_j3-4935
852 _aNLR
_jОЛСАА
942 _cBOOK
980 _aNB
980 1 _aSL_SPR